<?xml version="1.0" encoding="UTF-8"?>
<record
    xmlns:xsi="http://www.w3.org/2001/XMLSchema-instance"
    xsi:schemaLocation="http://www.loc.gov/MARC21/slim http://www.loc.gov/standards/marcxml/schema/MARC21slim.xsd"
    xmlns="http://www.loc.gov/MARC21/slim">

  <leader>01009nam a22002297a 4500</leader>
  <datafield tag="999" ind1=" " ind2=" ">
    <subfield code="c">7369</subfield>
    <subfield code="d">7369</subfield>
  </datafield>
  <controlfield tag="003">OSt</controlfield>
  <controlfield tag="005">20210921182427.0</controlfield>
  <controlfield tag="008">210921b           ||||| |||| 00| 0 eng d</controlfield>
  <datafield tag="020" ind1=" " ind2=" ">
    <subfield code="a">9788409284344</subfield>
    <subfield code="q">(obra completa)</subfield>
  </datafield>
  <datafield tag="020" ind1=" " ind2=" ">
    <subfield code="a">9788409284351</subfield>
    <subfield code="q">(volum 1)</subfield>
  </datafield>
  <datafield tag="020" ind1=" " ind2=" ">
    <subfield code="a">9788409284368</subfield>
    <subfield code="q">(volum 2)</subfield>
  </datafield>
  <datafield tag="040" ind1=" " ind2=" ">
    <subfield code="a">CDMR</subfield>
    <subfield code="b">cat</subfield>
    <subfield code="c">c</subfield>
  </datafield>
  <datafield tag="245" ind1=" " ind2=" ">
    <subfield code="a">Hist&#xF2;ria de la publicitat de Catalunya / </subfield>
    <subfield code="c">directora editorial de l'obra: Carolina Serra ; director cient&#xED;fic del volum 1: Llu&#xED;s Costa ; director cient&#xED;fic del volum 2: Jos&#xE9; &#xC1;ngel Abanc&#xE9;ns</subfield>
  </datafield>
  <datafield tag="260" ind1=" " ind2=" ">
    <subfield code="a">Barcelona</subfield>
    <subfield code="b">S&#xE0;piens</subfield>
    <subfield code="c">2021</subfield>
  </datafield>
  <datafield tag="300" ind1=" " ind2=" ">
    <subfield code="a">2 volums (319, 315 p&#xE0;gines) : il&#xB7;lustracions en color</subfield>
    <subfield code="c">31 cm</subfield>
  </datafield>
  <datafield tag="505" ind1=" " ind2=" ">
    <subfield code="a">Cont&#xE9;: V.1: L'art de fer anuncis: dels inicis a la dictadura franquista -- V.2: El consum de masses: el cam&#xED; de la televisi&#xF3; a internet </subfield>
  </datafield>
  <datafield tag="650" ind1=" " ind2="0">
    <subfield code="9">875</subfield>
    <subfield code="a">Publicitat</subfield>
    <subfield code="x">Hist&#xF2;ria</subfield>
    <subfield code="z">Catalunya</subfield>
  </datafield>
  <datafield tag="700" ind1="1" ind2=" ">
    <subfield code="9">647</subfield>
    <subfield code="a">Costa i Fern&#xE1;ndez, Llu&#xED;s</subfield>
  </datafield>
  <datafield tag="700" ind1=" " ind2=" ">
    <subfield code="9">4665</subfield>
    <subfield code="a">Serra, Carolina</subfield>
  </datafield>
  <datafield tag="700" ind1=" " ind2=" ">
    <subfield code="9">4666</subfield>
    <subfield code="a">Abanc&#xE9;ns, Jos&#xE9; &#xC1;ngel</subfield>
  </datafield>
  <datafield tag="942" ind1=" " ind2=" ">
    <subfield code="2">udc</subfield>
    <subfield code="c">MON</subfield>
  </datafield>
  <datafield tag="952" ind1=" " ind2=" ">
    <subfield code="0">0</subfield>
    <subfield code="1">0</subfield>
    <subfield code="4">0</subfield>
    <subfield code="7">1</subfield>
    <subfield code="a">CDMR</subfield>
    <subfield code="b">CDMR</subfield>
    <subfield code="d">2021-09-21</subfield>
    <subfield code="e">Donaci&#xF3;</subfield>
    <subfield code="g">56.90</subfield>
    <subfield code="l">0</subfield>
    <subfield code="o">Cc 3/48</subfield>
    <subfield code="p">CDMR21090011</subfield>
    <subfield code="r">2021-09-21</subfield>
    <subfield code="w">2021-09-21</subfield>
    <subfield code="y">MON</subfield>
    <subfield code="z">Volum 1</subfield>
  </datafield>
  <datafield tag="952" ind1=" " ind2=" ">
    <subfield code="0">0</subfield>
    <subfield code="1">0</subfield>
    <subfield code="4">0</subfield>
    <subfield code="7">1</subfield>
    <subfield code="a">CDMR</subfield>
    <subfield code="b">CDMR</subfield>
    <subfield code="d">2021-09-21</subfield>
    <subfield code="e">Donaci&#xF3;</subfield>
    <subfield code="g">56.90</subfield>
    <subfield code="l">0</subfield>
    <subfield code="o">Cc 3/49</subfield>
    <subfield code="p">CDMR21090012</subfield>
    <subfield code="r">2021-09-21</subfield>
    <subfield code="w">2021-09-21</subfield>
    <subfield code="y">MON</subfield>
    <subfield code="z">Volum 2</subfield>
  </datafield>
</record>
